LEADER 00600nam a2200193 i 4500 001 000000257360 003 CaOOAMICUS 005 20180222000000.0 008 180222s1840 xx u000 u fre u 013 $a236268 040 $aSeMil$bita 245 10$aIndex. 300 $a130 p. 773 0 $aNiebuhr, Barthold Georg$tHistoire romaine.$dParis : Chez Levrault, 1830-1840.$g8$w()5012 850 $aSeMil 852 $aSeMil$W1$xVenegono$y1$m3R III 22 FA$j207706$B207706$CSeMilBibl$Z2$F221222 $8I 941 1 $a10 961 $aRecupero: Mantegazza 996 $6245$aIndex$9(OLS)http://semarc/title/61379 LEADER 01218nam a2200229 i 4500 001 000000237221 003 CaOOAMICUS 005 20141219000000.0 008 141219s1878 it u000 u ita u 013 $a216126 040 $aSeMil$bita 100 1 $aDe Sanctis, Sante.$0(OLS)http://semarc/name/2404 245 13$aIl dissidio moderno esaminato cogli atti di Pio 9. di santa memoria e col pontefice successore :$blettere /$cpel sac. Sante De-Sanctis ; con Elogio funebre a Pio il Grande [Pio 9.] recitato nella Basilica ambrosiana. 260 $aMilano :$bTipografia San Giuseppe,$c1878. 300 $a106 p. ;$c21 cm. 600 04$aPio IX .$0(OLS)http://semarc/subject/251 650 4$aChiesa e Stato - Italia - Sec. 19.$0(OLS)http://semarc/subject/17013 650 4$aPio IX - Necrologie.$0(OLS)http://semarc/subject/42041 850 $aSeMil 852 $aSeMil$W1$xVenegono$y1$m3C IV 43 FA$j187567$B187567$CSeMilBibl$Z2$F198482 $8I 996 $6245$aIl dissidio moderno esaminato cogli atti di Pio 9. di santa memoria e col pontefice successore :$blettere$9(OLS)http://semarc/title/338113 996 $6260$aMilano :$bTipografia San Giuseppe$9(OLS)http://semarc/publisher/35396